| 000 | 00361nam a22001457a 4500 | ||
|---|---|---|---|
| 008 | 210518b ||||| |||| 00| 0 eng d | ||
| 020 | _a9780060434588 | ||
| 041 | _aeng | ||
| 080 |
_24th _a91 |
||
| 082 | _a91 | ||
| 100 | _a42 | ||
| 101 | _aGJEO | ||
| 245 |
_aThe Human Mosaic a Thematic Introduction to Cultural Geography _cTerry G Jordan |
||
| 942 |
_2udc _cBK |
||
| 999 |
_c57420 _d57420 |
||